Bratrstvo. Kniha devátá, Pronásledování /
Další z knih o bratrstvu Volavek, v němž se mladí bojovníci utkají s iberionskými piráty.
Uloženo v:
| Série: | Bratrstvo,
část 9 |
|---|---|
| Hlavní autor: | |
| Další autoři: | |
| Médium: | E-kniha |
| Jazyk: | Czech |
| Vydáno: |
V Praze :
Egmont,
2023
|
| Vydání: | 1. vydání |
| Edice: | Fantasy (Egmont)
|
| Témata: | |
| Příbuzné jednotky: | Přeloženo z:
Brotherband Z cyklu:: Bratrstvo |
| Tagy: |
Žádné tagy |
| LEADER | 02882nam a2200553 i 4500 | ||
|---|---|---|---|
| 001 | 311817 | ||
| 003 | CZ PrSKC | ||
| 005 | 20260601215712.0 | ||
| 007 | ta | ||
| 008 | 230130s2023 xr c 000 f cze | ||
| 015 | |a cnb003495423 | ||
| 020 | |a 9788025254615 |q (vázáno) : |c Kč 399,00 | ||
| 035 | |a (OCoLC)1375349655 | ||
| 040 | |a ABG001 |b cze |e rda | ||
| 041 | 1 | |a cze |h eng | |
| 072 | 7 | |a 821.111-3 |x Anglická próza, anglicky psaná |2 Konspekt | |
| 072 | 7 | |a 821-93 |x Literatura pro děti a mládež (beletrie) |2 Konspekt | |
| 080 | |a 821.111(94)-31 |2 MRF | ||
| 080 | |a 821-93 |2 MRF | ||
| 080 | |a (0:82-312.9) |2 MRF | ||
| 100 | 1 | |a Flanagan, John |q (John Anthony), |d 1944-2026 |7 xx0081982 |4 aut | |
| 240 | 1 | 0 | |a Stern chase. |l Česky |
| 245 | 1 | 0 | |a Bratrstvo. |n Kniha devátá, |p Pronásledování / |c John Flanagan ; z anglického originálu Brotherband - Book nine - The stern chase ... přeložila Eva Dejmková |
| 246 | 3 | 0 | |a Pronásledování |
| 250 | |a 1. vydání | ||
| 264 | 1 | |a V Praze : |b Egmont, |c 2023 | |
| 300 | |a 258 stran ; |c 21 cm | ||
| 336 | |a text |b txt |2 rdacontent | ||
| 337 | |a bez média |b n |2 rdamedia | ||
| 338 | |a svazek |b nc |2 rdacarrier | ||
| 490 | 1 | |a Fantasy | |
| 520 | 2 | |a Další z knih o bratrstvu Volavek, v němž se mladí bojovníci utkají s iberionskými piráty. |b Volavky jsou doma ve Skandii a zkoušejí na moři nově postavenou loď. Na jedné z plaveb však narazí na iberionské piráty, kteří útočí na obchodní loď, a Hal a jeho posádka bez váhání přispěchají napadeným na pomoc. Ačkoli Volavky rychle zvítězí, Iberionci neskrývají hněv a slibují Skandijcům pomstu. A brzy svou hrozbu splní - přepadnou přístav Hallasholm a ukradnou oberjarlovu loď Vlčí vítr. Je na Volavkách, aby piráty pronásledovala a pokusila se je v zájmu spravedlnosti za každou cenu zneškodnit. Nakladatelská anotace. | |
| 521 | 8 | |a Pro čtenáře od 10 let | |
| 655 | 7 | |a australské romány |7 fd131842 |2 czenas | |
| 655 | 7 | |a fantasy romány |7 fd184199 |2 czenas | |
| 655 | 7 | |a publikace pro mládež |7 fd133157 |2 czenas | |
| 655 | 9 | |a Australian fiction |2 eczenas | |
| 655 | 9 | |a fantasy novels |2 eczenas | |
| 655 | 9 | |a juvenile literature |2 eczenas | |
| 700 | 1 | |a Dejmková, Eva |7 xx0111678 |4 trl | |
| 765 | 0 | |t Brotherband | |
| 787 | 0 | 8 | |i Z cyklu: |t Bratrstvo |g 9 |
| 830 | 0 | |a Fantasy (Egmont) | |
| 900 | |a ABA001 |b 21 | ||
| 928 | 9 | |a Albatros Media - Egmont | |
| 044 | |a xr | ||
| 910 | |a RBIT002 | ||
| 998 | |d 366790 |a https://core.palmknihy.cz/api/books/366790/cover?si7pi1 |b https://core.palmknihy.cz/api/books/366790/cover/400?si7pi1 |c https://core.palmknihy.cz/api/books/366790/cover/50?si7pi1 |e 2027-08-18 |g 288 |i 9788025254615 |j https://core.palmknihy.cz/api/books/366790/preview.epub |k https://core.palmknihy.cz/api/books/366790/preview.pdf |l |q 49 |r 1 |s https://www.palmknihy.cz/kniha/366790 |t ebook |y 2023 |z 0 |v Bratrstvo |w 9 | ||
| 999 | |d 311815 | ||